000
00340nam a2200145Ia 4500
008
191201s2006 xx 000 0 und d
082
_a
658.804
_b
HAI
100
_a
HAVALDAR, Krishna
245
0
_a
Industrial Marketing Text and Cases
250
_a
2nd
260
_a
N.Delhi
_b
TMH
_c
2006
300
_a
379
650
_a
MBA
942
_2
ddc
_c
BK
999
_c
2905
_d
2905